Parc de la Serralada de Marina
Publicado:
Barcelona :
Diputació de Barcelona. Àrea d'Espais Naturals : Xarxa de Parcs Naturals ,
2004
Descripción Física:
1 f. plegat en 6 parts : il. col. ; 22 cm pleg., 44 x 33 cm despleg.
MARC
| LEADER | 00000nam a2200000Ia 4500 | ||
|---|---|---|---|
| 001 | 21589 | ||
| 008 | 160829s2004 xx 000 0 cat d | ||
| 080 | |a FU-40-100 | ||
| 110 | 1 | |a Parc de la Serralada de Marina (Catalunya) |9 10205 | |
| 245 | |a Parc de la Serralada de Marina | ||
| 250 | |a Ed. en castellano | ||
| 260 | |a Barcelona : |b Diputació de Barcelona. Àrea d'Espais Naturals : |b Xarxa de Parcs Naturals, |c 2004 | ||
| 300 | |a 1 f. plegat en 6 parts : |b il. col. ; |c 22 cm pleg., 44 x 33 cm despleg. | ||
| 590 | |a Conté un mapa del parc, amb informació general. | ||
| 590 | |a Hi ha un altre exemplar en català amb R. 21588 i en anglès amb R. 21590 | ||
| 610 | 1 | 0 | |a Parc de la Serralada de Marina (Catalunya) |v Guies |9 52709 |
| 710 | 1 | |a Barcelona (Catalunya : Província). |b Xarxa de Parcs Naturals |9 7250 | |
| 710 | |a Barcelona (Catalunya : Província). |b Àrea d'Espais Naturals |9 9050 | ||
| 901 | |a Arxiu | ||
| 942 | |n 1 | ||
| 952 | |0 0 |1 0 |4 0 |6 FU40100 |7 1 |9 52733 |a Arxiu |b Arxiu |d 2016-12-01 |l 0 |o FU-40-100 |p 21589 |r 2016-12-01 00:00:00 |w 2016-12-01 |y ARXIU | ||
| 999 | |c 56582 |d 56582 | ||